000 00521nam a2200157 a 4500
008 120416s0000 ||||||||||||||||| || u
020 _a034024299X
050 _aD 756.5.D8 Har
100 _aHarman, Nicholas
245 1 0 _aDunkirk
246 _athe necessary myth
260 _aLondon
_bHodder and Stoughton
_c1980
300 _a271p. : ill.
350 _a0.00
995 _D0.00
_FCBU-MAIN LIBRARY (Kitwe)
_H1
_I7.95
_UAVAILABLE
_ZMain Library Open Access Collection
999 _c40527
_d40527